|
|
|
|
| LEADER |
02282nam a2200457 a 4500 |
| 001 |
25175 |
| 003 |
BD-DhAAL |
| 008 |
110603s2012 nyuab b 001 0 eng d |
| 010 |
|
|
|a 2011023538
|
| 020 |
|
|
|a 9780307719218
|
| 020 |
|
|
|a 9780307719232
|
| 020 |
|
|
|a 9780307719225
|
| 020 |
|
|
|a 9780307719232
|
| 020 |
|
|
|a 9781846684302
|
| 020 |
|
|
|a 9781847654618
|
| 040 |
|
|
|a DLC
|c DLC
|d DLC
|d BD-DhAAL
|
| 082 |
0 |
0 |
|a 330
|2 23
|
| 100 |
1 |
|
|a Acemoglu, Daron.
|9 48936
|
| 245 |
1 |
0 |
|a Why nations fail :
|b the origins of power, prosperity and poverty /
|c Daron Acemoglu and James A. Robinson.
|
| 250 |
|
|
|a First edition
|
| 260 |
|
|
|a New York :
|b Crown Publishers ;
|a London :
|b Profile,
|c c2012, 2013.
|
| 300 |
|
|
|a 529 pages :
|b illustrations, map ;
|c 25 cm.
|
| 504 |
|
|
|a Includes bibliographical references (pages [465]-509) and index.
|
| 526 |
|
|
|a Refugee Studies Unit (RSU), CPJ
|
| 541 |
1 |
|
|a Donated By Akbar Ali Khan, Book Finder International
|e 25175, 38665, 40884
|
| 650 |
|
0 |
|a Economics
|x Political aspects.
|9 48937
|
| 650 |
|
0 |
|a Economic history
|x Political aspects.
|9 48938
|
| 650 |
|
0 |
|a Poverty
|z Developing countries.
|9 48939
|
| 650 |
|
0 |
|a Economic development
|z Developing countries.
|9 48940
|
| 650 |
|
0 |
|a Revolutions
|x Economic aspects.
|9 48941
|
| 650 |
|
0 |
|a Economics.
|
| 651 |
|
0 |
|a Developing countries
|x Economic policy.
|9 48942
|
| 651 |
|
0 |
|a Developing countries
|x Social policy.
|9 48943
|
| 700 |
1 |
|
|a Robinson, James A.,
|d 1960-
|9 48944
|
| 852 |
1 |
|
|a Ayesha Abed Library
|c General Stacks
|
| 942 |
|
|
|2 ddc
|c BK
|
| 999 |
|
|
|c 12157
|d 12157
|
| 952 |
|
|
|0 0
|1 0
|4 0
|6 330_ACE
|7 0
|9 20186
|a BRACUL
|b BRACUL
|c GEN
|d 2012-05-10
|e Karim International
|g 4975.00
|l 21
|m 159
|o 330 ACE
|p 3010025175
|q 2026-06-02
|r 2026-04-09
|s 2026-04-09
|t 1
|w 2012-05-10
|y BK
|
| 952 |
|
|
|0 0
|1 0
|2 ddc
|4 0
|6 330_000000000000000_ACE
|7 0
|9 20715
|a IGS
|b IGS
|c GEN
|d 2012-07-16
|e RIZA Enterprise
|g 2550.00
|l 2
|m 6
|o 330 ACE
|p 3010025608
|r 2014-06-09
|s 2012-12-31
|t 2
|w 2012-07-16
|y BK
|
| 952 |
|
|
|0 0
|1 0
|2 ddc
|4 0
|6 330_000000000000000_ACE
|7 1
|9 70798
|a BRACUL
|b BRACUL
|c AAKC
|d 2022-06-05
|e Donated by Akbar Ali Khan
|l 0
|o 330 ACE
|p 3010038665
|r 2022-06-05
|t 3
|w 2022-06-05
|y BK
|
| 952 |
|
|
|0 0
|1 0
|2 ddc
|4 0
|6 330_000000000000000_ACE
|7 0
|9 73145
|a CPJ
|b CPJ
|c RSU
|d 2023-02-07
|e Book Finder International
|g 1112.41
|l 0
|o 330 ACE
|p 3030040884
|r 2023-02-07
|t 4
|v 1112.41
|w 2023-02-07
|y BK
|